000 00568nam a22001937a 4500
003 OSt
005 20140310181750.0
008 130716t xxu||||| |||| 00| 0 eng d
020 _a9718729054
050 _aGR 325
_b.Eu87 1996
082 _aFIL 398.21599
_bP538 1996
100 _aEugenio, Damiana
245 _aPhilippine folk literature :
_bthe legends /
_cDamiana L. Eugenio.
260 _aUniversity of the Philippines :
_bOffice of research coordination,
_c1996.
300 _a580 p.
_c25 cm.
562 _e1
942 _2lcc
_cBK
_kFIL
999 _c3198
_d3198